Skocznie w sezonie PŚ 2021/2022. - Statystyki

Ogólne statystyki
  • Ten quiz został rozwiązany 197 razy
    170 od ostatniego zresetowania
  • Średni wynik to 12 z 18
Statystyki odpowiedzi
Data/Daty rozegrania zawodów Odpowiedź % Poprawnych
4/5 grudnia Wisła
97%
15/16 stycznia Zakopane
89%
25/26/27 marca Planica
88%
4 stycznia (odwołany) Innsbruck
75%
4/5/6 marca Oslo
75%
26/27 lutego Lahti
73%
27/28 listopada Ruka
72%
20/21 listopada Niżny Tagił
68%
18/19 grudnia Engelberg
66%
29 grudnia Oberstdorf
65%
19/20 marca Oberstdorf
65%
21/22/23 stycznia (odwołany) Sapporo
65%
28/29/29 stycznia Willingen
65%
1 stycznia Garmisch-Partenkirchen
60%
3 marca Lillehammer
57%
5/6/8/9 stycznia Bischofshofen
50%
11/12 grudnia Klingenthal
49%
22/23 stycznia Titisee-Neustadt
37%
Nie znaleziono quizów pasujących do podanych kryteriów
Rozkład punktacji
Procent ludzi z każdym wynikiem
Percentyl według liczby udzielonych odpowiedzi
Twoja historia wyników
Nie rozwiązałeś tego quizu od ostatniego zresetowania